00367pab a2200145 454500008004000000100001900040245005600059260000900115300001300124362001200137650002000149650001800169650001600187773001800203180718b2017 xxu||||| |||| 00| 0 eng d aKumar, Ranjeet aBhaarat mein adhikari-tantra, lokseva aur sushaasan c2017 ap.51-65. aJul-Dec aGood Governance aCivil service aBureaucracy aLok Prashasan